000 01183cam a2200349 i 4500
999 _c3833
_d3833
001 .b26061028
003 Uk
005 20241106095728.0
008 140515r20142003enkab j 000 1 eng d
015 _aGBB468510
020 _a9781408855690
_q(pbk.) :
040 _aStDuBDS
_beng
_cStDuBDS
_dUk
_dKH8
_erda
_dNCU
042 _anbic
082 0 4 _aFIC ROW
_223
100 1 _aRowling, J. K.,
_eauthor.
245 1 0 _aHarry Potter and the order of the phoenix /
_cJ.K. Rowling.
260 _aLondon :
_bBloomsbury,
_c2014.
264 1 _aLondon :
_bBloomsbury,
_c2014.
300 _a799 pages :
_billustrations, 1 map ;
_c21 cm.
336 _atext
_2rdacontent.
337 _aunmediated
_2rdamedia.
338 _avolume
_2rdacarrier.
500 _aOriginally published: 2003.
500 _aFormerly CIP.
_5Uk.
600 1 0 _aPotter, Harry
_c(Fictitious character)
_vJuvenile fiction.
650 0 _aPotter, Harry (Fictitious character)
_vJuvenile fiction.
650 0 _aHogwarts School of Witchcraft and Wizardry (Imaginary organization)
_vJuvenile fiction.
650 0 _aWizards
_vJuvenile fiction.
655 0 _aFantasy fiction.
655 0 _aChildren's stories.
942 _2ddc
_cFIC